=LDR 00000nam 2200000 4500 =001 INLIS000000000040005 =005 20130612145609 =008 ***********************************Ind** =035 ##$$a0010-061300000040005 =041 ##$$a Ind =082 ##$$a 813 =090 ##$$a 813, Les n.2 =100 ##$$a Lestari.v =245 ##$$a Naluri =260 ##$$a 2010 $b Jakarta =300 ##$$a 584 hlm, 18 cm =850 ##$$a NBPNMAT =990 ##$$a 91734/BPAP-NTB/2014